Score 0/24 Timer 07:00
0 Plays Today
% Correct
Odyssey
95.9%
Woolf
95.9%
Tale
94.3%
Letter
93.8%
Adventures
93.7%
Passage
91.4%
Message
90.5%
Book
89.5%
Picture
88.2%
Bard
87.1%
Leaves
83.8%
Paper
82%
% Correct
Bound
81%
Plot
80.6%
Reader
78.1%
Library
75.3%
Romance
73.4%
Typing
68.6%
Bookstore
66%
Opinions
63.8%
Critique
62.5%
Encyclopedia
61.3%
Dictionary
48.6%
Writer
44.6%
Remove Ads.
Support Sporcle.
Get the best of Sporcle when you Go Orange. This ad-free experience offers more features, more stats, and more fun while also helping to support Sporcle. Thank you for becoming a member.

You're not logged in!

Compare scores with friends on all Sporcle quizzes.
OR
Log In

Show Comments

Extras

Top Quizzes Today


Score Distribution

Your Account Isn't Verified!

In order to create a playlist on Sporcle, you need to verify the email address you used during registration. Go to your Sporcle Settings to finish the process.

Report this User

Report this user for behavior that violates our Community Guidelines.

Details: